01032cam a22002894 4500001000700000003000900007005001700016008004100033017005300074020001800127040003300145080002300178100003200201240004200233245008300275250006300358264003700421264001100458300002800469336002200497337003000519338002400549490004200573655003600615700003400651852005700685197857ES-MaACL20251122063147.0251002s2009 sp | |||| 000 f spa  aB 33310-2009bOficina Depósito Legal Barcelona a9788498722680 aES-MaACLbspacES-MaACLerdc a821.111(73)-31"19" aMorgan, Marlo, d1937-eaut10aMutant message down under.lEspañol14aLas voces del desiertocMarlo Morgan ; [traducción, Gemma Moral Bartolomé] a1ª Edición: Mayo 2009b11ª Reimpresión : Agosto 2016 1aBarcelonabEdiciones B, c[2016] 4a©2009 a209 páginas ; c20 cm 2rdacontentatexto 2rdamediaasin mediación 2rdacarrieravolumen1 aGrandes viajes.pAustralia. Ficción 0aNovelas de acción y aventuras1 aMoral Bartolomé, Gemmaetrl aES-MaACLcDEPO1jA-15817xEncuadernación rústica